00290nam a22001337a 450000500170000000800410001704100080005808200090006610000190007524500270009426000120012130000080013365000150014120160618144911.0160618b xxu||||| |||| 00| 0 eng d aeng b8176 aKoli, Dr. L.N. aInternational Business bNaravis a352 aManagement